[Event "Tradewise Gibraltar AmatWk2"]
[Site "Gibraltar"]
[Date "2016.01.30"]
[Round "1.20"]
[White "Galinskyi, Mykhalo"]
[Black "Al-Hariri, Saad"]
[Result "1/2-1/2"]
[WhiteElo "1514"]
[BlackElo "1814"]
[PlyCount "83"]
[EventDate "2016.01.30"]
[EventType "swiss"]
[EventRounds "5"]
[EventCountry "GGB"]
[SourceTitle "BritBase"]
[Source "www.saund.co.uk"]
[SourceDate "2018.02.10"]
[SourceVersion "1"]
[SourceVersionDate "2018.02.10"]
[SourceQuality "1"]

1. e4 e5 2. Nf3 Nc6 3. Bc4 Bc5 4. d4 Bxd4 5. Nxd4 Nxd4 6. f4 Qe7 7. Nc3 Nf6 8.
O-O Qc5 9. Be3 Qxc4 10. fxe5 Ne2+ 11. Qxe2 Qxe2 12. Nxe2 Nxe4 13. Rad1 b6 14.
Rf3 Bb7 15. Rdf1 O-O 16. Ng3 Rae8 17. Nxe4 Bxe4 18. Rg3 Re6 19. c3 f5 20. Bf4
Rf7 21. Rd1 h6 22. h4 Kh7 23. Re1 Rg6 24. Ree3 Rxg3 25. Rxg3 g6 26. Kf2 Re7 27.
Re3 Re6 28. g3 Rc6 29. Re2 Re6 30. Rd2 Bc6 31. Ke3 d6 32. Kd4 g5 33. hxg5 hxg5
34. Bxg5 dxe5+ 35. Ke3 Kg6 36. Bd8 Rd6 37. Bxc7 Rxd2 38. Kxd2 Kf6 39. Bb8 a6
40. Ke3 Ke6 41. c4 b5 42. cxb5 1/2-1/2

[Event "Tradewise Gibraltar AmatWk2"]
[Site "Gibraltar"]
[Date "2016.01.30"]
[Round "1.21"]
[White "Longdin, Michael"]
[Black "Chadwick, Susan E"]
[Result "1-0"]
[WhiteElo "1813"]
[BlackElo "1430"]
[PlyCount "77"]
[EventDate "2016.01.30"]
[EventType "swiss"]
[EventRounds "5"]
[EventCountry "GGB"]
[SourceTitle "BritBase"]
[Source "www.saund.co.uk"]
[SourceDate "2018.02.10"]
[SourceVersion "1"]
[SourceVersionDate "2018.02.10"]
[SourceQuality "1"]

1. d4 d5 2. Nf3 Nf6 3. e3 e6 4. Bd3 c5 5. c3 Nc6 6. Nbd2 Bd6 7. O-O O-O 8. Qe2
c4 9. Bc2 b5 10. e4 dxe4 11. Nxe4 Nxe4 12. Qxe4 f5 13. Qxc6 Rb8 14. Bg5 Be7 15.
Bxe7 Qxe7 16. Rfe1 Rb6 17. Qc5 Qf6 18. Qe5 Qg6 19. Re3 Bb7 20. Nh4 Qf7 21. f4
Bd5 22. Rg3 Rb7 23. Nf3 h6 24. Qe3 Qe8 25. Ne5 Rf6 26. Bd1 Kh7 27. Bf3 Re7 28.
Bxd5 exd5 29. Qf3 Qg8 30. a4 b4 31. cxb4 g5 32. fxg5 hxg5 33. Qh5+ Rh6 34. Qxg5
Rg7 35. Qxf5+ Kh8 36. Rxg7 Qxg7 37. Nf7+ Kg8 38. Nxh6+ Qxh6 39. Qxd5+ 1-0

[Event "Tradewise Gibraltar AmatWk2"]
[Site "Gibraltar"]
[Date "2016.01.31"]
[Round "2.1"]
[White "Christophe-Hayot, Romain"]
[Black "Cernuda Orejas, Victor Manuel"]
[Result "1/2-1/2"]
[WhiteElo "1824"]
[BlackElo "1899"]
[PlyCount "95"]
[EventDate "2016.01.30"]
[EventType "swiss"]
[EventRounds "5"]
[EventCountry "GGB"]
[SourceTitle "BritBase"]
[Source "www.saund.co.uk"]
[SourceDate "2018.02.10"]
[SourceVersion "1"]
[SourceVersionDate "2018.02.10"]
[SourceQuality "1"]

1. e4 b6 2. Nc3 e6 3. Nf3 Bb7 4. d4 Nf6 5. Bd3 Be7 6. e5 Nd5 7. Nxd5 Bxd5 8.
O-O Bb7 9. Re1 c5 10. Be4 Bxe4 11. Rxe4 d5 12. exd6 Bxd6 13. Bg5 Qd7 14. dxc5
Bxc5 15. Qe2 O-O 16. Rd1 Qb7 17. Rg4 Be7 18. Bh6 Bf6 19. Ne5 Qc7 20. Bf4 Qb7
21. h4 g6 22. h5 Bxe5 23. hxg6 Bf6 24. gxh7+ Kh8 25. Be5 Bxe5 26. Qxe5+ f6 27.
Qxe6 Qf7 28. Rg8+ Kxh7 29. Qxf7+ Rxf7 30. Rdd8 Rb7 31. f4 a5 32. f5 b5 33. g4
b4 34. Kg2 Rc7 35. c3 bxc3 36. bxc3 Rxc3 37. g5 fxg5 38. f6 Ra7 39. Rxb8 Rd7
40. Rgd8 Rxd8 41. Rxd8 Kg6 42. f7 Kxf7 43. Rd5 a4 44. Rxg5 Ke6 45. Kf1 Re3 46.
Kf2 Ra3 47. Ke2 Rxa2+ 48. Kd1 1/2-1/2

[Event "Tradewise Gibraltar AmatWk2"]
[Site "Gibraltar"]
[Date "2016.01.31"]
[Round "2.2"]
[White "Boabaid, Jorge Alberto Duard"]
[Black "Dennis, Nigel W"]
[Result "0-1"]
[WhiteElo "1895"]
[BlackElo "1820"]
[PlyCount "64"]
[EventDate "2016.01.30"]
[EventType "swiss"]
[EventRounds "5"]
[EventCountry "GGB"]
[SourceTitle "BritBase"]
[Source "www.saund.co.uk"]
[SourceDate "2018.02.10"]
[SourceVersion "1"]
[SourceVersionDate "2018.02.10"]
[SourceQuality "1"]

1. e4 c5 2. Nf3 e6 3. d4 cxd4 4. Nxd4 Nf6 5. Nc3 d6 6. g4 h6 7. h4 Nc6 8. Be3
Nxd4 9. Bxd4 e5 10. Bb5+ Bd7 11. Be3 Bxb5 12. Nxb5 Qa5+ 13. Nc3 Nxe4 14. Qd5
Qxd5 15. Nxd5 Rc8 16. O-O-O b6 17. Kb1 Nc5 18. f4 Ne6 19. f5 Nc7 20. Nc3 Be7
21. a3 Rd8 22. Nd5 Nxd5 23. Rxd5 Kd7 24. c4 Kc6 25. a4 a6 26. Bf2 Rb8 27. Rhd1
b5 28. cxb5+ axb5 29. a5 b4 30. b3 Rb5 31. R5d3 Rxa5 32. Rc1+ Kb7 0-1

[Event "Tradewise Gibraltar AmatWk2"]
[Site "Gibraltar"]
[Date "2016.01.31"]
[Round "2.3"]
[White "Longdin, Michael"]
[Black "Bajer, Renato"]
[Result "1/2-1/2"]
[WhiteElo "1813"]
[BlackElo "1890"]
[PlyCount "86"]
[EventDate "2016.01.30"]
[EventType "swiss"]
[EventRounds "5"]
[EventCountry "GGB"]
[SourceTitle "BritBase"]
[Source "www.saund.co.uk"]
[SourceDate "2018.02.10"]
[SourceVersion "1"]
[SourceVersionDate "2018.02.10"]
[SourceQuality "1"]

1. d4 f5 2. Bg5 g6 3. Nc3 Bg7 4. f3 d5 5. Qd2 Nc6 6. O-O-O Nf6 7. Bh6 O-O 8.
Bxg7 Kxg7 9. h4 h5 10. Nh3 Be6 11. Nf4 Qd7 12. e3 Rh8 13. Bd3 Rag8 14. Nce2 Kf8
15. Bb5 a6 16. Bxc6 Qxc6 17. Nd3 Nd7 18. Nef4 Ke8 19. Qb4 Bf7 20. e4 fxe4 21.
fxe4 dxe4 22. Rhe1 Nf6 23. Ne5 Qb5 24. Qxb5+ axb5 25. d5 Kf8 26. Nxf7 Kxf7 27.
Ne6 c6 28. Ng5+ Kg7 29. dxc6 bxc6 30. Nxe4 Rd8 31. Ng5 Rxd1+ 32. Rxd1 Nd5 33.
Rf1 Nf6 34. Re1 Nd5 35. a3 Rd8 36. b3 Rd6 37. c4 bxc4 38. bxc4 Nf4 39. Rxe7+
Kf6 40. Rf7+ Ke5 41. Re7+ Kf6 42. Rf7+ Ke5 43. Re7+ Kf6 1/2-1/2

[Event "Tradewise Gibraltar AmatWk2"]
[Site "Gibraltar"]
[Date "2016.01.31"]
[Round "2.4"]
[White "Wilson, Matthew R"]
[Black "Pilchin, Uri"]
[Result "1-0"]
[WhiteElo "1873"]
[BlackElo "1808"]
[PlyCount "125"]
[EventDate "2016.01.30"]
[EventType "swiss"]
[EventRounds "5"]
[EventCountry "GGB"]
[SourceTitle "BritBase"]
[Source "www.saund.co.uk"]
[SourceDate "2018.02.10"]
[SourceVersion "1"]
[SourceVersionDate "2018.02.10"]
[SourceQuality "1"]

1. e4 c5 2. Nc3 Nc6 3. f4 g6 4. Nf3 Bg7 5. Bb5 Nd4 6. O-O Nxb5 7. Nxb5 Nf6 8.
d3 d6 9. Qe1 O-O 10. Qh4 Qb6 11. Nc3 Bd7 12. e5 dxe5 13. fxe5 Ng4 14. Nd5 Qd8
15. Nxe7+ Kh8 16. Ng5 Nh6 17. Ne4 Nf5 18. Nxf5 Bxf5 19. Nf6 Qd4+ 20. Qxd4 cxd4
21. Bg5 Rac8 22. Rf2 Rc5 23. Re1 Rfc8 24. Ree2 Ra5 25. a3 Rb5 26. b3 Rbc5 27.
g4 Be6 28. h4 h6 29. Bf4 R5c6 30. Rg2 b5 31. Kh2 Ra6 32. g5 h5 33. Rgf2 Rxa3
34. Ne4 Bf8 35. Nd6 Rb8 36. Bg3 Kg8 37. Re4 Bg7 38. Rxd4 Ra2 39. Re4 a6 40.
Ree2 Bd5 41. c4 Be6 42. Rxa2 bxc4 43. bxc4 Rb3 44. d4 Rb1 45. Rxa6 Bg4 46. Ne4
Bf5 47. Nf6+ Bxf6 48. Rxf6 Be4 49. Rf1 Rb2+ 50. R6f2 Rb4 51. Rxf7 Bf5 52. R7xf5
gxf5 53. Rc1 Rb2+ 54. Kg1 Rb3 55. Bf2 Kf7 56. d5 f4 57. e6+ Ke7 58. Bc5+ Ke8
59. d6 Rg3+ 60. Kf2 Rh3 61. d7+ Kd8 62. Bb6+ Ke7 63. d8=Q+ 1-0

[Event "Tradewise Gibraltar AmatWk2"]
[Site "Gibraltar"]
[Date "2016.01.31"]
[Round "2.6"]
[White "Chidi, Lovinia Sylvia"]
[Black "Selva Salvador, Antonio"]
[Result "0-1"]
[WhiteElo "1780"]
[BlackElo "1862"]
[PlyCount "114"]
[EventDate "2016.01.30"]
[EventType "swiss"]
[EventRounds "5"]
[EventCountry "GGB"]
[SourceTitle "BritBase"]
[Source "www.saund.co.uk"]
[SourceDate "2018.02.10"]
[SourceVersion "1"]
[SourceVersionDate "2018.02.10"]
[SourceQuality "1"]

1. d4 Nf6 2. Nf3 d6 3. e3 g6 4. Bd3 Bg7 5. O-O O-O 6. c3 b6 7. Re1 Nbd7 8. Nbd2
Bb7 9. Qc2 c5 10. Ne4 Rc8 11. Nxf6+ Bxf6 12. Qe2 e5 13. dxe5 Nxe5 14. Nxe5 dxe5
15. e4 Qc7 16. Bc4 Rfd8 17. f3 Rd7 18. Be3 Rcd8 19. Rad1 Bc6 20. Bb3 Be7 21.
Rxd7 Rxd7 22. Rd1 Rxd1+ 23. Qxd1 Qb7 24. Qd2 b5 25. Bd1 a5 26. b4 axb4 27. cxb4
cxb4 28. Bb3 Qd7 29. Qc2 Qd6 30. h3 Bd7 31. Kf2 Qc6 32. Qxc6 Bxc6 33. g4 Kg7
34. Ke2 Bd7 35. Bb6 Kf6 36. Bg1 Be6 37. Bf2 Bc4+ 38. Kd2 Ke6 39. Bb6 Kd6 40.
Be3 Kc6 41. Ke1 Bc5 42. Bg5 Kd6 43. Bh6 Ke6 44. Bd2 f6 45. Kd1 g5 46. Ke1 Kd6
47. Kd1 Kc6 48. Be1 Kb6 49. Bg3 Bd4 50. h4 h6 51. hxg5 hxg5 52. Kd2 Kc5 53. Bh2
Bf2 54. Kd1 Kd4 55. Kd2 Be3+ 56. Kd1 Kc3 57. Bg3 Bxb3+ 0-1

[Event "Tradewise Gibraltar AmatWk2"]
[Site "Gibraltar"]
[Date "2016.01.31"]
[Round "2.8"]
[White "Gonzalez Pabollet, Jesus Maria"]
[Black "Kuenitz, Klaus"]
[Result "1/2-1/2"]
[WhiteElo "1854"]
[BlackElo "1778"]
[PlyCount "76"]
[EventDate "2016.01.30"]
[EventType "swiss"]
[EventRounds "5"]
[EventCountry "GGB"]
[SourceTitle "BritBase"]
[Source "www.saund.co.uk"]
[SourceDate "2018.02.10"]
[SourceVersion "1"]
[SourceVersionDate "2018.02.10"]
[SourceQuality "1"]

1. d4 f5 2. c4 d6 3. Nc3 g6 4. g3 Bg7 5. Bg2 Nf6 6. Nh3 O-O 7. O-O Na6 8. a3 e5
9. e3 h6 10. Qc2 g5 11. dxe5 dxe5 12. Rd1 Qe8 13. f4 g4 14. Nf2 e4 15. b4 c6
16. Bb2 Be6 17. Bf1 Qf7 18. Nb1 b5 19. Nd2 Rac8 20. Rac1 Rfd8 21. Nb3 bxc4 22.
Bxc4 Nd5 23. Bxa6 Nxe3 24. Rxd8+ Rxd8 25. Qe2 Bxb2 26. Rxc6 Bxb3 27. Qxb2 Nd1
28. Qxb3 Qxb3 29. Bc4+ Qxc4 30. Rxc4 e3 31. Nxg4 e2 32. Nxh6+ Kh7 33. Rc7+ Kxh6
34. Re7 Rd2 35. a4 Nc3 36. Kf2 Nxa4 37. Rxe2 Rxe2+ 38. Kxe2 Nc3+ 1/2-1/2

[Event "Tradewise Gibraltar AmatWk2"]
[Site "Gibraltar"]
[Date "2016.01.31"]
[Round "2.9"]
[White "Tkadlecek, Petr"]
[Black "Lopez Diaz, Rafael"]
[Result "1-0"]
[WhiteElo "1754"]
[BlackElo "1854"]
[PlyCount "60"]
[EventDate "2016.01.30"]
[EventType "swiss"]
[EventRounds "5"]
[EventCountry "GGB"]
[SourceTitle "BritBase"]
[Source "www.saund.co.uk"]
[SourceDate "2018.02.10"]
[SourceVersion "1"]
[SourceVersionDate "2018.02.10"]
[SourceQuality "1"]

1. d4 d5 2. Nf3 Nf6 3. Bf4 c5 4. e3 Nc6 5. c3 Bf5 6. dxc5 Bxb1 7. Qxb1 e6 8. b4
Ne4 9. Qb2 Qf6 10. Rc1 g5 11. Bg3 Bg7 12. Nd4 O-O 13. Bd3 e5 14. Nf3 Nxg3 15.
hxg3 e4 16. Qc2 exd3 17. Qxd3 h6 18. Qxd5 Rad8 19. Qe4 Rfe8 20. Qc2 Qg6 21. O-O
Qxc2 22. Rxc2 Rd7 23. a4 Red8 24. Nd4 Bxd4 25. cxd4 Ne7 26. b5 Nd5 27. Re1 Kf8
28. Rce2 Re7 29. e4 Nf6 30. d5 Rc7 1-0

[Event "Tradewise Gibraltar AmatWk2"]
[Site "Gibraltar"]
[Date "2016.01.31"]
[Round "2.10"]
[White "Haisma, Henk"]
[Black "Joachim, Rodny"]
[Result "1-0"]
[WhiteElo "1850"]
[BlackElo "1659"]
[PlyCount "73"]
[EventDate "2016.01.30"]
[EventType "swiss"]
[EventRounds "5"]
[EventCountry "GGB"]
[SourceTitle "BritBase"]
[Source "www.saund.co.uk"]
[SourceDate "2018.02.10"]
[SourceVersion "1"]
[SourceVersionDate "2018.02.10"]
[SourceQuality "1"]

1. b4 e5 2. Bb2 Bxb4 3. Bxe5 Nf6 4. e3 Nc6 5. Bb2 O-O 6. a3 Ba5 7. Nf3 d5 8. c4
Bg4 9. Be2 Bxf3 10. Bxf3 Re8 11. cxd5 Nxd5 12. O-O Qg5 13. Qb3 Nde7 14. d4 Rab8
15. Nc3 Bxc3 16. Qxc3 Rbd8 17. Rfd1 Qa5 18. d5 Qxc3 19. Bxc3 Nb8 20. Rab1 b6
21. Rbc1 c5 22. dxc6 Nbxc6 23. g3 Rxd1+ 24. Rxd1 Rd8 25. Rxd8+ Nxd8 26. Be5
Ndc6 27. Bd6 f6 28. h4 Kf7 29. Be2 Ke6 30. Bf4 Kd5 31. Bd3 Ng6 32. e4+ Kd4 33.
Bb5 Nxf4 34. gxf4 Nb8 35. f3 Ke3 36. e5 a6 37. e6 1-0

[Event "Tradewise Gibraltar AmatWk2"]
[Site "Gibraltar"]
[Date "2016.01.31"]
[Round "2.12"]
[White "Cruz Fiallos, Hamilton Tarley"]
[Black "Yarur Elsaca, Daniel"]
[Result "1-0"]
[WhiteElo "1836"]
[BlackElo "1559"]
[PlyCount "71"]
[EventDate "2016.01.30"]
[EventType "swiss"]
[EventRounds "5"]
[EventCountry "GGB"]
[SourceTitle "BritBase"]
[Source "www.saund.co.uk"]
[SourceDate "2018.02.10"]
[SourceVersion "1"]
[SourceVersionDate "2018.02.10"]
[SourceQuality "1"]

1. e4 c5 2. Nf3 Nc6 3. g3 g6 4. Bg2 Bg7 5. O-O Nf6 6. Re1 O-O 7. c3 d5 8. e5
Ng4 9. d4 cxd4 10. cxd4 f6 11. h3 Nh6 12. exf6 exf6 13. Nc3 Nf5 14. g4 Nfe7 15.
Bf4 a6 16. Bg3 f5 17. Ne5 fxg4 18. hxg4 Nxe5 19. Bxe5 Bxe5 20. Rxe5 Qd6 21. Qe2
Nc6 22. Bxd5+ Kg7 23. Re8 Bd7 24. Rxa8 Rxa8 25. Rd1 Rf8 26. Bg2 Qf4 27. Bxc6
Bxg4 28. f3 Bh3 29. Bxb7 Rf5 30. Ne4 Rf7 31. Bc6 Re7 32. Qf2 Rc7 33. d5 Re7 34.
d6 Rxe4 35. Bxe4 Qg5+ 36. Kh1 1-0

[Event "Tradewise Gibraltar AmatWk2"]
[Site "Gibraltar"]
[Date "2016.01.31"]
[Round "2.18"]
[White "Guardia Bencomo, Tomas"]
[Black "Oliva Parra, Ernesto"]
[Result "1-0"]
[WhiteElo "1863"]
[BlackElo "1602"]
[PlyCount "109"]
[EventDate "2016.01.30"]
[EventType "swiss"]
[EventRounds "5"]
[EventCountry "GGB"]
[SourceTitle "BritBase"]
[Source "www.saund.co.uk"]
[SourceDate "2018.02.10"]
[SourceVersion "1"]
[SourceVersionDate "2018.02.10"]
[SourceQuality "1"]

1. d4 d5 2. c4 Nf6 3. Nc3 Bf5 4. Nf3 h6 5. e3 e6 6. Qb3 b6 7. cxd5 exd5 8. Ne5
c6 9. Bd2 Be7 10. Rc1 O-O 11. Be2 Re8 12. O-O Bd6 13. f4 b5 14. a4 b4 15. Nd1
Qb6 16. Nf2 a5 17. Nfd3 Ne4 18. Be1 Ra7 19. Nf2 Nf6 20. Bd3 Bxd3 21. Qxd3 Rc7
22. Qf5 c5 23. Nfg4 Nxg4 24. Qxg4 cxd4 25. Rxc7 Bxc7 26. Qf5 Bxe5 27. fxe5 Rf8
28. e4 dxe4 29. Qxe4 d3+ 30. Bf2 Qg6 31. Qxg6 fxg6 32. Bb6 Rxf1+ 33. Kxf1 Nc6
34. Bc7 Kf7 35. Kf2 Ke6 36. Ke3 Kd5 37. Kxd3 Nxe5+ 38. Bxe5 Kxe5 39. Kc4 Ke4
40. Kb5 Kd3 41. Kxa5 b3 42. Kb4 Ke3 43. a5 Kf2 44. g4 Kf3 45. a6 Kxg4 46. a7
Kh3 47. a8=Q Kxh2 48. Qf3 h5 49. Kxb3 h4 50. Qg4 h3 51. Kc2 g5 52. Kd2 g6 53.
Ke1 Kh1 54. Kf2 h2 55. Qg2# 1-0

[Event "Tradewise Gibraltar AmatWk2"]
[Site "Gibraltar"]
[Date "2016.01.31"]
[Round "2.20"]
[White "Vander Voort, Patrick"]
[Black "Lopez Valcarcel, Juan"]
[Result "0-1"]
[WhiteElo "1576"]
[BlackElo "1798"]
[PlyCount "78"]
[EventDate "2016.01.30"]
[EventType "swiss"]
[EventRounds "5"]
[EventCountry "GGB"]
[SourceTitle "BritBase"]
[Source "www.saund.co.uk"]
[SourceDate "2018.02.10"]
[SourceVersion "1"]
[SourceVersionDate "2018.02.10"]
[SourceQuality "1"]

1. d4 Nf6 2. c4 e6 3. Nf3 c5 4. d5 exd5 5. cxd5 d6 6. Nc3 g6 7. e4 Bg7 8. Bb5+
Nbd7 9. a4 O-O 10. Bf4 Qc7 11. O-O a6 12. Bd3 Re8 13. Qe2 Nh5 14. Bd2 b6 15.
Rab1 Bb7 16. b4 Nhf6 17. b5 a5 18. Ne1 Nxd5 19. Nxd5 Bxd5 20. f3 Bb7 21. Bf4
Ne5 22. Rd1 Qe7 23. Qd2 Rad8 24. Bg5 f6 25. Qa2+ Kh8 26. Bf4 d5 27. Bxe5 fxe5
28. exd5 Bxd5 29. Qc2 Qf7 30. Qb1 Bb3 31. Bc2 Ba2 32. Qc1 Rd4 33. Rxd4 exd4 34.
Bb1 Bb3 35. Bc2 Qc4 36. Rf2 d3 37. Nxd3 Bd4 38. Bxb3 Qxc1+ 39. Nxc1 Re1# 0-1

[Event "Tradewise Gibraltar AmatWk2"]
[Site "Gibraltar"]
[Date "2016.01.31"]
[Round "2.22"]
[White "Kearsley, Raymond J"]
[Black "Manchado Garrido, Marcos Anton"]
[Result "1-0"]
[WhiteElo "1709"]
[BlackElo "1570"]
[PlyCount "33"]
[EventDate "2016.01.30"]
[EventType "swiss"]
[EventRounds "5"]
[EventCountry "GGB"]
[SourceTitle "BritBase"]
[Source "www.saund.co.uk"]
[SourceDate "2018.02.10"]
[SourceVersion "1"]
[SourceVersionDate "2018.02.10"]
[SourceQuality "1"]

1. e4 e6 2. d4 d5 3. e5 c5 4. c3 Nc6 5. Nf3 Qb6 6. Bd3 Bd7 7. O-O cxd4 8. cxd4
Nxd4 9. Nxd4 Qxd4 10. Nc3 Qxe5 11. Re1 Qc7 12. Nxd5 Qd6 13. Bc4 Ne7 14. Nf6+
gxf6 15. Qxd6 Nf5 16. Qd3 Rd8 17. Qxf5 1-0

[Event "Tradewise Gibraltar AmatWk2"]
[Site "Gibraltar"]
[Date "2016.01.31"]
[Round "2.23"]
[White "Crouch, Timothy J"]
[Black "Ocana, Jeremy"]
[Result "0-1"]
[WhiteElo "1541"]
[BlackElo "1706"]
[PlyCount "36"]
[EventDate "2016.01.30"]
[EventType "swiss"]
[EventRounds "5"]
[EventCountry "GGB"]
[SourceTitle "BritBase"]
[Source "www.saund.co.uk"]
[SourceDate "2018.02.10"]
[SourceVersion "1"]
[SourceVersionDate "2018.02.10"]
[SourceQuality "1"]

1. e4 d6 2. Nf3 Nf6 3. Nc3 e5 4. b3 Be7 5. Bb2 c6 6. Be2 O-O 7. O-O b5 8. a3 a5
9. d4 Qc7 10. d5 cxd5 11. Nxb5 Qb7 12. exd5 Nxd5 13. Bc4 Be6 14. a4 Nd7 15. Qc1
Rac8 16. Ng5 Nf4 17. Nf3 Bxc4 18. bxc4 Ne2+ 0-1

[Event "Tradewise Gibraltar AmatWk2"]
[Site "Gibraltar"]
[Date "2016.01.31"]
[Round "2.24"]
[White "White, Gary"]
[Black "Chadwick, Susan E"]
[Result "1/2-1/2"]
[WhiteElo "1690"]
[BlackElo "1430"]
[PlyCount "125"]
[EventDate "2016.01.30"]
[EventType "swiss"]
[EventRounds "5"]
[EventCountry "GGB"]
[SourceTitle "BritBase"]
[Source "www.saund.co.uk"]
[SourceDate "2018.02.10"]
[SourceVersion "1"]
[SourceVersionDate "2018.02.10"]
[SourceQuality "1"]

1. g4 g6 2. Bg2 c6 3. d3 d5 4. h3 Bg7 5. c3 Nf6 6. Bf4 Nbd7 7. Nf3 O-O 8. Nbd2
Re8 9. Qc2 e5 10. Bg5 h6 11. Bh4 g5 12. Nxg5 hxg5 13. Bxg5 Qb6 14. Be3 d4 15.
cxd4 exd4 16. Nc4 Qc5 17. Bd2 a5 18. Bf4 Ne5 19. Bxe5 Rxe5 20. Rc1 Re8 21. f4
Be6 22. a3 Bd5 23. Rg1 Bxg2 24. Rxg2 Nd5 25. Qd2 Qe7 26. g5 Ne3 27. Rh2 Nxc4
28. Rxc4 Qe3 29. Qxe3 dxe3 30. b3 Rad8 31. Kd1 Rd4 32. f5 Rxc4 33. bxc4 Be5 34.
Rg2 Kh8 35. Kc2 b5 36. Rg4 bxc4 37. Rxc4 Rc8 38. Re4 Bd6 39. Rxe3 Bxa3 40. d4
Bb4 41. Rd3 Rd8 42. e4 c5 43. d5 c4 44. Rd1 Re8 45. d6 Rxe4 46. d7 Re2+ 47. Kb1
Be7 48. d8=Q+ Bxd8 49. Rxd8+ Kg7 50. f6+ Kg6 51. Rg8+ Kf5 52. Rg7 Re4 53. Rxf7
Kxg5 54. Rf8 Kg6 55. f7 Kg7 56. Re8 Rf4 57. Ra8 Kxf7 58. Rxa5 Kg6 59. Ra3 Kg5
60. Kc2 Rh4 61. Kd2 Rd4+ 62. Kc2 Kf4 63. h4 1/2-1/2

[Event "Tradewise Gibraltar AmatWk2"]
[Site "Gibraltar"]
[Date "2016.01.31"]
[Round "2.25"]
[White "Lapsevskis, Roberts"]
[Black "Juanes Paniagua, Alberto"]
[Result "1-0"]
[WhiteElo "1660"]
[BlackElo "1308"]
[PlyCount "83"]
[EventDate "2016.01.30"]
[EventType "swiss"]
[EventRounds "5"]
[EventCountry "GGB"]
[SourceTitle "BritBase"]
[Source "www.saund.co.uk"]
[SourceDate "2018.02.10"]
[SourceVersion "1"]
[SourceVersionDate "2018.02.10"]
[SourceQuality "1"]

1. e4 c6 2. Nc3 d5 3. d4 dxe4 4. Nxe4 Bf5 5. Ng3 Bg6 6. Nf3 h6 7. Bd3 Bxd3 8.
Qxd3 e6 9. b3 Nd7 10. Bb2 Ngf6 11. O-O-O Qa5 12. Kb1 Ba3 13. Rhe1 Bxb2 14. Kxb2
O-O 15. Ne5 Qc7 16. Ne4 Nd5 17. Qg3 N7f6 18. c4 Nxe4 19. Rxe4 Nf6 20. Rh4 Kh7
21. Qd3+ g6 22. g4 Qe7 23. g5 Nh5 24. Rxh5 Kg7 25. gxh6+ Kg8 26. Rh3 Kh8 27.
Rg1 Rg8 28. Qf3 Raf8 29. Rg4 a5 30. a4 b5 31. Nxc6 Qd7 32. h7 Rg7 33. axb5 Rc8
34. Nxa5 f5 35. Rgg3 Qxd4+ 36. Qc3 Qxf2+ 37. Ka3 Qb6 38. Rxg6 Rcc7 39. Rf3 Qc5+
40. b4 Qf8 41. Rxg7 Rxg7 42. Rg3 1-0

[Event "Tradewise Gibraltar AmatWk2"]
[Site "Gibraltar"]
[Date "2016.02.01"]
[Round "3.1"]
[White "Odiase, Oluwaseun"]
[Black "Wilson, Matthew R"]
[Result "0-1"]
[WhiteElo "1834"]
[BlackElo "1873"]
[PlyCount "102"]
[EventDate "2016.01.30"]
[EventType "swiss"]
[EventRounds "5"]
[EventCountry "GGB"]
[SourceTitle "BritBase"]
[Source "www.saund.co.uk"]
[SourceDate "2018.02.10"]
[SourceVersion "1"]
[SourceVersionDate "2018.02.10"]
[SourceQuality "1"]

1. g3 e5 2. Bg2 Nc6 3. d3 f5 4. Nf3 Nf6 5. Nbd2 Bc5 6. O-O O-O 7. c3 d6 8. b4
Bb6 9. Nc4 Qe8 10. a4 e4 11. Ne1 d5 12. Nxb6 axb6 13. Bf4 Rf7 14. Nc2 h6 15. b5
Ne5 16. Nd4 g5 17. Bxe5 Qxe5 18. e3 f4 19. exf4 gxf4 20. dxe4 dxe4 21. Re1 Bf5
22. gxf4 Qxf4 23. Nxf5 Qxf5 24. Re3 Ng4 25. Rg3 Qxf2+ 26. Kh1 Qxg3 27. hxg3
Nf2+ 28. Kg1 Nxd1 29. Rxd1 Rxa4 30. Re1 Re7 31. Re3 Kg7 32. Kh2 c6 33. Bf1 Rf7
34. Kg2 Ra2+ 35. Be2 Re7 36. Kh3 Kf6 37. Kg4 Ra1 38. Kf4 Rg1 39. g4 Rg2 40. Bc4
Rf2+ 41. Kg3 Rf3+ 42. Rxf3+ exf3 43. Kxf3 Re1 44. Be2 Ke5 45. Bd3 Rc1 46. c4
Rc3 47. Ke3 c5 48. Kd2 Rxd3+ 49. Kxd3 Kf4 50. Ke2 Kxg4 51. Ke3 h5 0-1

[Event "Tradewise Gibraltar AmatWk2"]
[Site "Gibraltar"]
[Date "2016.02.01"]
[Round "3.2"]
[White "Selva Salvador, Antonio"]
[Black "Winter, Kevin"]
[Result "1/2-1/2"]
[WhiteElo "1862"]
[BlackElo "1825"]
[PlyCount "47"]
[EventDate "2016.01.30"]
[EventType "swiss"]
[EventRounds "5"]
[EventCountry "GGB"]
[SourceTitle "BritBase"]
[Source "www.saund.co.uk"]
[SourceDate "2018.02.10"]
[SourceVersion "1"]
[SourceVersionDate "2018.02.10"]
[SourceQuality "1"]

1. d4 d6 2. Nf3 Nf6 3. g3 g6 4. Bg2 Bg7 5. O-O O-O 6. c4 Nbd7 7. Nc3 c6 8. Qc2
e5 9. Rd1 Qe7 10. b3 Re8 11. Ba3 exd4 12. Nxd4 Nc5 13. Rac1 Bd7 14. Bb2 a5 15.
a3 h5 16. b4 axb4 17. axb4 Nce4 18. Nxe4 Nxe4 19. Ra1 Rxa1 20. Bxa1 h4 21. Bxe4
Qxe4 22. Qxe4 Rxe4 23. e3 hxg3 24. hxg3 1/2-1/2

[Event "Tradewise Gibraltar AmatWk2"]
[Site "Gibraltar"]
[Date "2016.02.01"]
[Round "3.3"]
[White "Dennis, Nigel W"]
[Black "Haisma, Henk"]
[Result "1-0"]
[WhiteElo "1820"]
[BlackElo "1850"]
[PlyCount "51"]
[EventDate "2016.01.30"]
[EventType "swiss"]
[EventRounds "5"]
[EventCountry "GGB"]
[SourceTitle "BritBase"]
[Source "www.saund.co.uk"]
[SourceDate "2018.02.10"]
[SourceVersion "1"]
[SourceVersionDate "2018.02.10"]
[SourceQuality "1"]

1. e4 c5 2. Nf3 d6 3. d4 cxd4 4. Nxd4 a6 5. c4 Nf6 6. Nc3 e6 7. Be2 Be7 8. O-O
O-O 9. Be3 Nbd7 10. f4 Qc7 11. g4 Nc5 12. Bf3 e5 13. Nf5 Bxf5 14. gxf5 Ncd7 15.
Nd5 Nxd5 16. cxd5 Rac8 17. Qb3 b5 18. Rac1 Qb7 19. Kg2 f6 20. Rc6 Kh8 21. Rfc1
exf4 22. Bxf4 Nc5 23. Qa3 Rxc6 24. dxc6 Qc7 25. Rxc5 dxc5 26. Bxc7 1-0

[Event "Tradewise Gibraltar AmatWk2"]
[Site "Gibraltar"]
[Date "2016.02.01"]
[Round "3.4"]
[White "D'haluin, Wim"]
[Black "Mrabti, Yahya"]
[Result "0-1"]
[WhiteElo "1846"]
[BlackElo "1780"]
[PlyCount "46"]
[EventDate "2016.01.30"]
[EventType "swiss"]
[EventRounds "5"]
[EventCountry "GGB"]
[SourceTitle "BritBase"]
[Source "www.saund.co.uk"]
[SourceDate "2018.02.10"]
[SourceVersion "1"]
[SourceVersionDate "2018.02.10"]
[SourceQuality "1"]

1. d4 Nf6 2. Nf3 c5 3. Bf4 cxd4 4. Qxd4 Nc6 5. Qd1 g6 6. h3 Bg7 7. c3 Qb6 8.
Qc1 d6 9. e3 Bf5 10. Nbd2 Rc8 11. Nc4 Qc5 12. Qd1 O-O 13. Be2 b5 14. Ncd2 b4
15. Nb3 Qb6 16. c4 Nh5 17. Nfd4 Nxf4 18. Nxf5 gxf5 19. exf4 Bxb2 20. Rb1 Bc3+
21. Nd2 Qd4 22. g3 Na5 23. Rc1 Nxc4 0-1